| 000 | 00362nam a2200133Ia 4500 | ||
|---|---|---|---|
| 008 | 240624s9999 xx 000 0 und d | ||
| 041 | _aeng | ||
| 082 | _a658.45 LES | ||
| 100 | _aLESIKAR RAYMOND V | ||
| 245 | _aBUSINESS COMMUNICATION MAKING CONNECTION | ||
| 250 | _a(11th ed.) | ||
| 260 |
_c2009 _aNew Delhi _bMcGraw-Hill |
||
| 300 | _axxix, , 737 , 23 : p. : cm. | ||
| 999 |
_c28850 _d28850 |
||